000 00866nam a22001457a 4500
999 _c128282
_d128282
005 20220912102606.0
008 220912b ||||| |||| 00| 0 eng d
040 _cPK-LaUMT
082 _aAPC 297.4
_bDAU-S
100 _aDaud, Muhammad = داوٗد، محمد
245 _aSirat i Ghaus i Azam quda sira ul aziz yani Mahboob sSubhani, Qutab i Rabbani, Ghaus i Samdani Hazrat Shaikh Abdul Qadir Gilani Razi Allah Unho ke jamea aur mustnad halaat = سیرتِ غوثِ اعظم قدس سرہ العزیز یعنی محبوب سبحانی، قطبِ ربانی، غوث صمدانی حضرت شیخ عبدالقادر جیلانی رضی اللہ عنہ کے جامع اور مُستند حالات /
_cby Muhammad Daud = از محمد داوٗد
260 _aDera Ismael Khan :
_bMaktabah Sirajia Khanqah Ahmadia,Saeedia,
_c1983
300 _a304 p.
942 _cBK